000 00753 a2200157 4500
003 Nust
005 20230201132044.0
040 _cNust
082 _a940,PEP
100 _aShepared, Ernest H.
_9108386
245 _aEverybody's Pepys /
_cErnest H. Shepared
260 _aLondon
_bG.Bell and sons
_c1929
300 _axxii:570 pages
505 _aIntroduction (Page-Ix), Note Of The Pepys Family (Page-Xxi), Note On The Navy Board (Page-Xxii), First Year 1960 (Page-1), Second Year 1961 (Page-64), Third Year 1962 (Page-104), Fourth Year 1963 (Page-141), Fifth Year 1964 (Page-199), Sixth Year 1965 (Page-239), Seventh Year 1966 (Page-292), Eight Year 1967 (Page-361), Nine Year 1968 (Page-458), Tenth Year 1969 (Page-519).
942 _2ddc
_cBK
_k940,PEP
999 _c193978
_d193978